Statistics for Weather in the Lyrics

Click here to take the quiz!

General Stats

  • This quiz has been taken 24 times
  • The average score is 9 of 15

Answer Stats

Lyrics Type of Weather % Correct
Here I am / Rock you like a _________Hurricane
92%
Purple ____, purple ____Rain
92%
Deep beneath the cover of another perfect wonder where it's so white as ____Snow
88%
I've got sunshine, on a ______ day / When it's cold outside, I've got the month of MayCloudy
83%
All we do crumbles to the ground though we refuse to see / Dust in the ____ / All we are is dust in the ____Wind
83%
Ain't no ________ when she's gone / It's not warm when she's awaySunshine
71%
It's _______ men / Hallelujah / It's _______ men / AmenRaining
71%
Black hole ___ / Won't you come / And was away the rain?Sun
67%
It's like thunder, _________ / The way you love me is frighteningLightning
63%
Oh, a _____ is threat'ning / My very life today / If I don't get some shelter / Oh yeah, I'm gonna fade awayStorm
54%
She comes in colors everywhere / She combs her hair / She's like a _______Rainbow
46%
_______ only happens when it's raining / Players only love you when they're playingThunder
42%
She moves her body like a _______ / And she makes me want to do it all night longCyclone
21%
And _____ has stormy eyes / That flash at the sound of lies / And _____ has wings to fly / Above the cloudsWindy
4%
Tripping eyes and flooded lungs / Northern ________ sends its loveDownpour
0%

Score Distribution

Percentile by Number Answered

Percent of People with Each Score

Your Score History

You have not taken this quiz